000
00331nam a2200145 a 4500
008
010720s1965||||xx 0 und c
040
_a
SNK
_b
slo
_c
SNK
_e
AACR2
100
1
_a
London, Jack
245
1
0
_a
Mořský Vlk
260
_b
Smena
_c
1965
_a
Bratislava
300
_a
238 s.
044
_a
xo
_c
SK
041
_a
slo
020
_c
14,50
999
_c
12128
_d
12128